000 00352nam a2200145Ia 4500
005 20251222175918.0
008 251222s9999||||xx |||||||||||||| ||spa||
020 _a9688807095
082 _a658.402/R71
100 _aRobbins, Stephen P.
245 0 _aComportamiento Organizacional:
250 _a7ma.ed.
264 _bPrentice - Hall
942 _cLIB
999 _c40580
_d40580